Engineering physics: (Record no. 158699)

MARC details
000 -LEADER
fixed length control field 00734nam a22002057a 4500
005 - DATE AND TIME OF LATEST TRANSACTION
control field 20181112154251.0
010 ## - LCCN (DPL NO)
LC control number ENG-124296
020 ## - INTERNATIONAL STANDARD BOOK NUMBER
International Standard Book Number 9789350015889
Terms of availability 191.00
035 ## - SYSTEM CONTROL NUMBER
System control number EN-107828
037 ## - SOURCE OF ACQUISITION
Source of stock number/acquisition DBAD/PUB.
082 ## - DEWEY DECIMAL CLASSIFICATION NUMBER
Classification number 530.02462
100 ## - MAIN ENTRY--PERSONAL NAME
Personal name Settu P.
245 ## - TITLE STATEMENT
Title Engineering physics:
Statement of responsibility, etc by P. Settu; M. Adhikesavan [and] K. Sudalai Muthu
Remainder of title 'M scgene'- polytechnic colleges /
260 ## - PUBLICATION, DISTRIBUTION, ETC. (IMPRINT)
Place of publication, distribution, etc Villupuram (Kallakkurichi)
Name of publisher, distributor, etc Vel Publications
Date of publication, distribution, etc 2019
270 ## - ADDRESS
Address 64, Ist Floor, Mari Illam, Kachirayapalayam Road, Fire Office Opposite,
City Villupuram (Kallakkurichi)
Postal code 600202
300 ## - PHYSICAL DESCRIPTION
Extent 71p.
Dimensions 25cm(pbk)
Other physical details ill.
700 ## - ADDED ENTRY--PERSONAL NAME
Personal name Adhikesavan M.
700 ## - ADDED ENTRY--PERSONAL NAME
Personal name Sudalai Muthu K.
942 ## - ADDED ENTRY ELEMENTS (KOHA)
Source of classification or shelving scheme Dewey Decimal Classification
Item type English Books
Call number suffix SET
Classification part 530.02462
Holdings
Withdrawn status Lost status Not for loan Collection code Home library Current library Date acquired Source of acquisition Cost, normal purchase price Full call number Barcode Copy number Cost, replacement price Koha item type
    Not For Loan Non-fiction D.B.Act.Division Patel Nagar 12/11/2018 DBAD/PUB 191.00 530.02462 SET EN-107828 1 191.00 English Books

© Delhi Public Library
Hit Counter
free hit counter